International Property Measurement Standards: All Buildings (Record no. 121316)
[ view plain ]
| 000 -LEADER | |
|---|---|
| fixed length control field | 01407nam a22002297a 4500 |
| 008 - FIXED-LENGTH DATA ELEMENTS--GENERAL INFORMATION | |
| fixed length control field | 230116s2023 xxk|||||o|||| 00| 0 eng d |
| 020 ## - INTERNATIONAL STANDARD BOOK NUMBER | |
| ISBN | 9780645419115 |
| 041 ## - LANGUAGE CODE | |
| Language code of text/sound track or separate title | eng |
| 110 2# - MAIN ENTRY--CORPORATE NAME | |
| Corporate author | International Property Measurement Standards Coaliton |
| 245 ## - TITLE STATEMENT | |
| Title | International Property Measurement Standards: All Buildings |
| Medium | [Electronic resource] |
| 260 ## - PUBLICATION INFORMATION | |
| Place of publication | London, |
| Publisher | International Property Measurement Standards Coalition |
| Date | 15 January 2023 |
| 300 ## - PHYSICAL DESCRIPTION | |
| Physical description | 42p |
| 490 ## - SERIES TITLE | |
| Series statement | International Property Measurement Standards |
| 520 ## - ABSTRACT | |
| Abstract | IPMS: All Buildings has been drafted by the independent Standard Setting Committee (SSC) and establishes a consistent methodology for measuring buildings around the world. Includes information about Exclusive Use Areas; Exclusive Occupation External Measurement; demising wall; internal dominant face; sheltered area; limited use areas; bay windows |
| 520 ## - ABSTRACT | |
| Abstract | IPMS All Buildings supersedes all previously published IPMSC standards for individual asset classes |
| 651 ## - SUBJECT ADDED ENTRY--GEOGRAPHIC NAME | |
| Geographic name | International |
| 690 ## - BROAD SUBJECT | |
| 9 (RLIN) | 6256 |
| Broad subject | Measurement |
| 710 ## - ADDED CORPORATE NAME | |
| Added corporate author | Royal Institution of Chartered Surveyors |
| 710 2# - ADDED CORPORATE NAME | |
| Added corporate author | International Property Measurement Standards Coaliton |
| 856 ## - ONLINE RESOURCE | |
| Uniform Resource Identifier | <a href="https://www.rics.org/profession-standards/rics-standards-and-guidance/sector-standards/real-estate-standards/international-property-measurement-standards">https://www.rics.org/profession-standards/rics-standards-and-guidance/sector-standards/real-estate-standards/international-property-measurement-standards</a> |
| Public note | Available free on RICS.org |
| 942 ## - ADDED ENTRY ELEMENTS (KOHA) | |
| Suppress in OPAC | Do not suppress in OPAC |
| Lost status | Damaged status | Not for loan | Current library | Shelving location | Date acquired | Total Checkouts | Date last seen | Price effective from | Koha item type |
|---|---|---|---|---|---|---|---|---|---|
| Virtual | Online | 16/01/2023 | 16/01/2023 | 16/01/2023 | Online material |